Rainbow six siege weapons - Statistics

General Stats
  • This quiz has been taken 698 times
  • The average score is 9 of 11
Answer Stats
Weapons Answer % Correct
G36C Ash
95%
F2 Twitch
93%
AK12 Fuze
92%
AUG Iq
92%
9X19VSN Kapkan
90%
P90 Rook
89%
L85A2 Sledge
88%
Scorpion EVO Ela
87%
M762 Zofia
61%
SASG-12 Tachanka
50%
K33 Thatcher
50%
No matching quizzes found
Score Distribution
Percent of People with Each Score
Percentile by Number Answered
Your Score History
You have not taken this quiz